Statistics for Енглески монарси

Click here to take the quiz!

General Stats

  • This quiz has been taken 215 times
    (121 since last reset)
  • The average score is 32 of 44

Answer Stats

ВладавинаМонарх% Correct
1558−1603Елизабета
98%
1952−2022IIЕлизабета
98%
2022−IIIЧарлс
92%
1660−1685IIЧарлс
92%
1625−1649Чарлс
92%
1837−1901Викторија
83%
1100−1135Хенри
78%
1154−1189IIХенри
78%
1216−1272IIIХенри
78%
1399−1413IVХенри
78%
1413−1422VХенри
78%
1422−1461VIХенри
78%
1470−1471VIХенри
78%
1485−1509VIIХенри
78%
1509−1547VIIIХенри
78%
1820−1830IVЏорџ
78%
1714−1727Џорџ
78%
1760−1820IIIЏорџ
78%
1910−1936VЏорџ
78%
1727−1760IIЏорџ
78%
1936−1952VIЏорџ
78%
1547−1553VIЕдвард
76%
1936VIIIЕдвард
76%
1327−1377IIIЕдвард
76%
1483VЕдвард
76%
1471−1483IVЕдвард
76%
1461−1470IVЕдвард
76%
1272−1307Едвард
76%
1307−1327IIЕдвард
76%
1901−1910VIIЕдвард
76%
1199−1216Јован
68%
1087−1100IIВилијам
68%
1066−1087Вилијам
68%
1830−1837IVВилијам
68%
1689−1702IIIВилијам
68%
1553−1558Мери
66%
1689−1694IIМери
66%
1377−1399IIРичард
60%
1483−1485IIIРичард
60%
1189−1199Ричард
60%
1702−1714Ана
57%
1603−1625Џејмс
44%
1685−1688IIЏејмс
44%
1135−1154Стивен
27%

Score Distribution

Percentile by Number Answered

Percent of People with Each Score

Your Score History

You have not taken this quiz since the last reset